Statistiken für Land zu Fußballer #2

Klicken Sie hier um das Quiz zu spielen!

Allgemein

  • Dieses Quiz wurde 562 mal gespielt
  • Das Durchschnittsergebnis liegt bei 17 aus 20

Antwortstatistiken

SpielerLand% Korrekt
David AlabaÖsterreich
97%
Filip KosticSerbien
93%
Riyad MahrezAlgerien
92%
Jonathan TahDeutschland
92%
Christian PulisicUSA
92%
FabinhoBrasilien
91%
Andrew RobertsonSchottland
91%
Presnel KimpembeFrankreich
90%
Memphis DepayNiederlande
90%
JorginhoItalien
89%
Dele AlliEngland
88%
Lautaro MartinezArgentinien
87%
Hakim ZiyechMarokko
87%
Yussuf PoulsenDänemark
86%
Takumi MinaminoJapan
85%
Iago AspasSpanien
82%
Jose GimenezUruguay
82%
Jason DenayerBelgien
69%
Sardar AzmounIran
53%
Mario FernandesRussland
52%

Verteilung der Resultate

Perzentil nach korrekt beantworteten Fragen

Anzahl Personen mit jedem Resultat

Ihre Resultats-Entwicklung

Sie haben dieses Quiz noch nicht gespielt